00682nam a2200241 a 4500001001300000003000900013005001700022008004100039020001000080082001300090100001400103245003300117260004100150300000900191500003500200505001000235650002500245700001400270902000800284942000700292952012600299999001500425nice12345678IN_TiNIC20260116012617.0050524s1991 newa grp 000 0 eng  ac15000a291bBOS aBose, K S aTheory of Religious Thought. aNew DelhibSterling Publishersc1991 a134p aincludes index and biblioraphy2 aIndex aComparative Religion1 aBose, K S bSRS cBK 001040708StackRoom-aHMIbHMId2007-07-19g150.00l1o291 BOSp014196r2019-09-09s2019-08-01v150.00w2005-05-24yBK c7662d7662